|
|
|
|
| LEADER |
00665cam a2200193 7i4500 |
| 001 |
0000006162 |
| 005 |
20170218090000.0 |
| 020 |
|
|
|a 9780071162005
|
| 020 |
|
|
|a 0071162003 (pbk.)
|
| 090 |
0 |
0 |
|a HF5415
|b .D89 1999
|
| 100 |
1 |
|
|a Dwyer, F. Robert
|
| 245 |
1 |
0 |
|a Business marketing :
|b connecting strategy, relationships, and learning
|c F. Robert Dwyer, John F. Tanner, Jr.
|
| 260 |
|
|
|a Boston:
|b Irwin McGraw-Hill,
|c 1999.
|
| 300 |
|
|
|a xxix, 670 p.:
|b ill.;
|c 26 cm.
|
| 490 |
0 |
|
|a McGraw-Hill international editions
|
| 650 |
0 |
0 |
|a Marketing
|
| 700 |
1 |
|
|a Tanner, John F
|
| 997 |
|
|
|a Business & Accountancy, Faculty
|
| 999 |
|
|
|a 0000000517
|b BOK
|c OPEN SHELF
|e 1st Floor, Shah Alam
|